01535nam a2200289 4500001000400000003000400004005001700008008004100025020001800066040000800084041001300092082001500105100003100120240003700151245008000188260004400268300001100312520078300323650002301106650001301129650001601142650001101158650001601169655001201185655001601197700003201213166OSt20250528074013.0250129b |||||||e |||| 00| 1 eng d a9788535909661 bpor hengapor a823bC754n1 aConrad, Joseph,d1857-1924 aNostromo: A tale pf the seaboard aNostromo /cConrad, Joseph ; Tradução e posfácio de José Paulo Paes aSão PaulobCompanhia das Letrasc2007 a528 p. aOs críticos são praticamente unânimes em considerar Nostromo o melhor romance de Joseph Conrad. Os historiadores da literatura, por sua vez, não discrepam em ver no mesmo Conrad um dos expoentes da prosa de ficção inglesa, o principal elo de transição entre o romance vitoriano de um Dickens ou de um Hardy e o romance moderno de um Lawrence ou de um Joyce. A ação de Nostromo se passa na imaginária república sul-americana de Costaguana. Ao narrar as peripécias de uma contra-revolução separatista levada a cabo pelo partido conservador de Sulaco, a mais rica província de Costaguana, em resposta a um golpe militar vitorioso na capital do país, Conrad pinta, com mão de mestre, os desconcertos da história política da América Latina. 0aLiteratura Inglesa 0aAventura 0aHistórico 0aGuerra 0aClássicos 0aRomance 0aFicção  aJosé Paulo PaeseTradutor